NFL: Playoff Leaders - Statistics

General Stats
  • This quiz has been taken 46 times
  • The average score is 11 of 30
Answer Stats
Last Season played Player Career Yards Number of Playoff Teams % Correct
2022 Tom Brady 13.400 2
100%
2015 Peyton Manning 7.339 2
88%
2025 Aaron Rodgers 6.040 2
83%
2021 Ben Roethlisberger 5.972 1
73%
2003 Bruce Smith 14,5 1
70%
2004 Emmitt Smith 1.586 1
70%
2004 Jerry Rice 2.245 3
68%
2010 Brett Favre 5.855 2
65%
2025 Travis Kelce 2.078 1
53%
2012 Ray Lewis 218 1
45%
2025 Bobby Wagner 178 2
40%
1997 Marcus Allen 1.347 2
38%
2013 Ed Reed 9 1
35%
1984 Franco Harris 1.556 1
35%
2021 Rob Gronkowski 1.389 2
35%
2000 Thurman Thomas 1.442 1
33%
1988 Tony Dorsett 1.383 1
28%
1982 Bill Simpson 9 2
23%
2020 Julian Edelman 1.442 1
23%
1994 Ronnie Lott 9 2
23%
1999 Michael Irvin 1.315 1
20%
1983 Harvey Martin 17 1
18%
2022 Devin McCourty 119 1
8%
2023 Frank Clark 13,5 2
8%
1981 Charlie Waters 9 1
5%
1986 Lester Hayes 8 1
3%
2008 Tedy Bruschi 122 1
3%
2008 Willie McGinest 16 1
3%
2021 KJ Wright 111 2
0%
1981 LC Greenwood 12,5 1
0%
No matching quizzes found
Score Distribution
Percent of People with Each Score
Percentile by Number Answered
Your Score History
You have not taken this quiz